Introducción a la filosofía de la historia
Salvato in:
| Autore principale: | |
|---|---|
| Natura: | Libro |
| Lingua: | spagnolo |
| Pubblicazione: |
Buenos Aires
Losada
1946
|
| Serie: | Biblioteca Filosófica
|
| Soggetti: | |
| Tags: |
Aggiungi Tag
Nessun Tag, puoi essere il primo ad aggiungerne!!
|
MARC
| LEADER | 00000nam a2200000 a 4500 | ||
|---|---|---|---|
| 001 | UCP8519 | ||
| 003 | CL-VaPUC | ||
| 008 | 000303e19460000AG |||||||||||||||||spa|d | ||
| 082 | 0 | 4 | |a 901 |b ARO |2 21 |
| 100 | 0 | |a Aron, Raymond |e author |9 438552 | |
| 245 | 1 | 0 | |a Introducción a la filosofía de la historia |
| 300 | |a 566 p | ||
| 942 | |c BK | ||
| 945 | |d 20000303 00:00:00 |a rherrera | ||
| 260 | |a Buenos Aires |b Losada |c 1946 | ||
| 650 | 0 | |a Filosofía de la historia |9 265651 | |
| 650 | 0 | |a Historiografía |9 257871 | |
| 583 | |a last modification |c 20000303 00:00:00 |k Rodrigo Vera | ||
| 490 | 0 | |a Biblioteca Filosófica | |
| 999 | |c 285411 |d 285409 | ||
| 952 | |0 0 |1 0 |4 0 |6 901_000000000000000_ARO_1946 |7 0 |8 X |9 330029 |a BIBHIS |b BIBHIS |d 2019-11-20 |i 1392182 |o 901 ARO 1946 |p 1392182 |r 2024-01-30 |w 2019-11-20 |y BK_X |k HIS | ||
| 952 | |0 0 |1 0 |4 0 |6 901_000000000000000_ARO_1946 |7 0 |8 A |9 330030 |a BIBDER |b BIBDER |d 2019-11-20 |i 3822222 |o 901 ARO 1946 |p 3822222 |r 2023-01-25 |w 2019-11-20 |y BK |k DER | ||